Nghiên cứu xác định thành phần và cấu tạo một số hợp chất hóa học trong tinh dầu ngải cứu ở Quảng Nam

Tổng quan tài liệu; Nghiên cứu thực nghiệm; Kết quả và bàn luận..

সংরক্ষণ করুন:
গ্রন্থ-পঞ্জীর বিবরন
প্রধান লেখক: Nguyễn Thị Hồng
অন্যান্য লেখক: Đào Hùng Cường GS.TS (Hướng dẫn)
বিন্যাস: গ্রন্থ
প্রকাশিত: Đà Nẵng Đại học Đà Nẵng 2011
বিষয়গুলি:
ট্যাগগুলো: ট্যাগ যুক্ত করুন
কোনো ট্যাগ নেই, প্রথমজন হিসাবে ট্যাগ করুন!
Thư viện lưu trữ: Mạng thư viện Đại học Đà Nẵng
LEADER 01536nam a2200313 4500
001 000017671
003 14096
005 20130830160858.0
008 130513s2011 sd
082 |a 615.19  |b NG-H 
100 |a Nguyễn Thị Hồng 
245 |a Nghiên cứu xác định thành phần và cấu tạo một số hợp chất hóa học trong tinh dầu ngải cứu ở Quảng Nam  |c Nguyễn Thị Hồng ; Đào Hùng Cường hướng dẫn.  |k Luận văn Thạc sĩ 
260 |a Đà Nẵng  |b Đại học Đà Nẵng  |c 2011 
300 |a 75 tr.  |b Hình mh.  |c 29 cm.  |e Đĩa CD, tài liệu tóm tắt 
500 |a Luận văn thạc sĩ khoa học. Chuyên ngành: Hóa hữu cơ. Mã số: 60.44.27 
520 |a Tổng quan tài liệu; Nghiên cứu thực nghiệm; Kết quả và bàn luận.. 
650 0 4 |a Cây ngải cứu  |v Luận văn tốt nghiệp  |x Thành phần hóa học  |x Nghiên cứu  |x Tnh dầu  |z Quảng Nam 
653 |a Cây ngải cứu  |a Hóa học hữu cơ 
700 |a Đào Hùng Cường  |c GS.TS  |e Hướng dẫn 
OWN |a LSP 
AVA |a UDN50  |b LSP  |d 615.19 NG-H  |e available  |t Error 5001 Not defined in file expand_doc_bib_avail.  |f 1  |g 0  |h N  |i 0  |k 1 
999 |a From the UDN01 
AVA |a UDN50  |b LSP  |d 615.19 NG-H  |e available  |t Error 5001 Not defined in file expand_doc_bib_avail.  |f 1  |g 0  |h N  |i 0  |k 1 
TYP |a Monograph 
TYP |a Printed language 
980 |a Mạng thư viện Đại học Đà Nẵng